Normal view
MARC view
- Bielawski, Larry Lewand, Robert
Entry Personal Name
001 - CONTROL NUMBER
- control field: 77443
003 - CONTROL NUMBER IDENTIFIER
- control field: NUST
005 - DATE AND TIME OF LATEST TRANSACTION
- control field: 20210628205916.0
008 - FIXED-LENGTH DATA ELEMENTS
- fixed length control field: 210628|| aca||aabn | a|a d
040 ## - CATALOGING SOURCE
- Original cataloging agency: NUST
- Transcribing agency: NUST
100 ## - HEADING--PERSONAL NAME
- Personal name: Bielawski, Larry Lewand, Robert
670 ## - SOURCE DATA FOUND
- Source citation: Work cat.: (NUST): Bielawski, Larry Lewand, Robert, Intelligent systems design integrating expert systems hypermedia and database technologies, 1991
